| 000 | 00422nam a2200145Ia 4500 | ||
|---|---|---|---|
| 008 | 231129s1998||||xx |||||||||||||| ||spa|| | ||
| 020 | _a968-422-991-7 | ||
| 040 | _bspa | ||
| 082 | _a(EN PROCESO DE DESCARTE) 005.74 S478a | ||
| 100 | _aSenn James A. | ||
| 245 | 0 | _aAnalisis y diseno de sistemas de informacion | |
| 260 | _c1998 | ||
| 264 | _aMéxico: McGraw-Hill | ||
| 942 |
_2ddc _cBKS |
||
| 999 |
_c5136 _d5136 |
||